000 00697nam a2200253Ia 4500
003 OSt
005 20220928131041.0
006 a|||||r|||| 00| 0
007 ta
008 220927b |||||||| |||| 00| 0 eng d
020 _cUKP 51.99
024 _a133151
037 _b257, 14/03/2017, Total Books India
_cTextual
040 _aSDCL
_cSDCL
_beng
041 _2eng
_aeng
082 _aX:89A, Q6
100 _aDas Ajay
_9476940
245 0 _aIntroduction to operations management
260 _c2016
300 _axxiii,646p.
_ccm.
650 _aOperational Research
942 _hX:89A, Q6
_cTEXL
_2CC
999 _c789387
_d789387